| 000 | 03589nam a22004457a 4500 | ||
|---|---|---|---|
| 005 | 20080927132343.0 | ||
| 008 | 080927t xxu||||| |||| 00| f eng d | ||
| 010 | _aB-311017-029 | ||
| 020 |
_a0451187849 _c$ 5.99 310.00 |
||
| 035 | _aB-311017-029 | ||
| 035 | _aB-359100 | ||
| 037 | _bPansy Books | ||
| 040 |
_adpl _bEnglish |
||
| 082 | _aN | ||
| 100 | _aRand, Ayn | ||
| 245 |
_aWe the living / _cby Ayn Rand with a new introduction by Leonard Peikoff |
||
| 260 |
_aNew York _bNew American Library _c1996 |
||
| 270 |
_a375 Hudson Street _bNew York _e10014 |
||
| 300 |
_a464p. _c22cm(pbk) |
||
| 651 |
_aSoviet Union _xHistory _yRevolution, 1917-1921 _xFiction. |
||
| 655 |
_aPolitical fiction. _2lcsh |
||
| 655 |
_aDidactic fiction. _2gsafd |
||
| 942 |
_2ddc _cEN _hN _mRAN |
||
| 999 |
_c15830 _d15830 |
||